Statistics for England’s 2021-22 Ashes squad

Click here to take the quiz!

General Stats

  • This quiz has been taken 52 times
  • The average score is 13 of 17

Answer Stats

ENGPLAYER% Correct
1Joe Root
98%
3Jonny Bairstow
96%
2James Anderson
94%
5Stuart Broad
94%
16Ben Stokes
90%
7Jos Buttler
88%
6Rory Burns
85%
11Jack Leach
81%
9Haseeb Hameed
79%
14Ollie Pope
79%
15Ollie Robinson
79%
17Chris Woakes
75%
8Zak Crawley
73%
12Dawid Malan
71%
4Dom Bess
44%
10Dan Lawrence
40%
13Craig Overton
38%

Score Distribution

Percentile by Number Answered

Percent of People with Each Score

Your Score History

You have not taken this quiz